Theory of Lie groups. I /
Guardado en:
| Autor Principal: | |
|---|---|
| Formato: | Libro |
| Idioma: | English |
| Publicado: |
Princeton :
Princeton University Press,
1946.
|
| Series: | Princeton mathematical series ;
8 |
| Etiquetas: |
Agregar Etiqueta
Sin Etiquetas, Sea el primero en etiquetar este registro!
|
| LEADER | 00567nam a22001695a 4500 | ||
|---|---|---|---|
| 001 | MAT.inmabb000303 | ||
| 008 | 031211s1946####nju###########001#0#eng#d | ||
| 005 | 20150701111309.0 | ||
| 245 | 1 | 0 | |a Theory of Lie groups. |n I / |c Claude Chevalley. |
| 260 | |a Princeton : |b Princeton University Press, |c 1946. | ||
| 300 | |a viii, 217 p. ; |c 23 cm. | ||
| 440 | 0 | |a Princeton mathematical series ; |v 8 | |
| 510 | 4 | |a MR, |c 7,412c | |
| 100 | 1 | |a Chevalley, C. |q (Claude), |d 1909-1984. | |
| 084 | |a 22 |2 msc2000 | ||
| 859 | |h 22 |i C527 |p A-42 |b BIB. MATEMATICA | ||
| 859 | |h 22 |i C527 |p A-2330 |t Ej. 2 |b BIB. MATEMATICA | ||
